000 00310nam a2200121Ia 4500
008 240521s2000 xx 000 0 und d
020 _a0-376-01046-0
041 _aeng
100 _aCHRISTINE OLSON GEDYE
245 _aIDEAS FOR GREAT BABY ROOMS
260 _bSUNSET BOOKS, CALIFORNIA
_c2000
300 _a598
999 _c1162519
_d1162519